003850000a22001090004500090001700000100003100017245007900048041001400127942001300141773010400154999001700258 aASbSeriadas1 aCuatrecasas, José91193510aAdicion a "notas a la flora de Colombia X", una especie olvidada de Clusia0 aEspañol cARTICULO1 tRevista de la Academia Colombiana de Ciencias Exactas, Fisicas y Naturales332h72q19-20d1994g19 c14073d14073